| 000 | 01158nam a2200313Ia 4500 | ||
|---|---|---|---|
| 001 | ebr10314191 | ||
| 003 | CaPaEBR | ||
| 006 | m u | ||
| 007 | cr cn||||||||| | ||
| 008 | 690307s1969 mau sb 001 0 eng d | ||
| 010 | _z 68014271 | ||
| 020 | _z9780674802070 | ||
| 020 | _z9780674165496 | ||
| 040 |
_aCaPaEBR _cCaPaEBR |
||
| 035 | _a(OCoLC)441325304 | ||
| 050 | 1 | 4 |
_aQA248 _b.Q85 1969eb |
| 100 | 1 |
_aQuine, W. V. _q(Willard Van Orman) |
|
| 245 | 1 | 0 |
_aSet theory and its logic _h[electronic resource]. |
| 250 | _aRev. ed. | ||
| 260 |
_aCambridge : _bBelknap Press of Harvard University Press, _c[1969] |
||
| 300 | _axvii, 361 p. | ||
| 504 | _aIncludes bibliography and index. | ||
| 533 |
_aElectronic reproduction. _bPalo Alto, Calif. : _cebrary, _d2009. _nAvailable via World Wide Web. _nAccess may be limited to ebrary affiliated libraries. |
||
| 650 | 0 | _aAxiomatic set theory. | |
| 650 | 0 | _aLogic, Symbolic and mathematical. | |
| 655 | 7 |
_aElectronic books. _2local |
|
| 710 | 2 | _aebrary, Inc. | |
| 856 | 4 | 0 |
_uhttp://site.ebrary.com/lib/rucke/Doc?id=10314191 _zAn electronic book accessible through the World Wide Web; click to view |
| 999 |
_c57073 _d57073 |
||